000 00971nam a2200265Ia 4500
003 OSt
005 20220923222122.0
006 a|||||r|||| 00| 0
007 ta
008 220922b |||||||| |||| 00| 0 ben d
024 _a203,084
037 _cTextual
040 _aARTS
_cARTS
_bben
041 _2ben
_aben
082 _aO157,2N25,14, 152L6
100 _aसरकार, बादल;
245 0 _aवल्लभपुर की रुपकथा
246 _aVallabhapur kī rupakathā
260 _aवाराणसी
_b हिन्दी प्रचारक संस्थान
_c1976
300 _a148पृ0
_ccm.
650 _aबंगाली साहित्य
_9156264
700 _aअग्रवाल, प्रतिभा, अनु.
942 _hO157,2N25,14, 152L6
_cTEXL
_2CC
999 _c353865
_d353865